000 01016nam a22001457a 4500
999 _c518650
_d518650
008 211005b ||||| |||| 00| 0 eng d
100 _aSengupta, Hindol
_929709
245 _aRural India’s innovation pipeline
260 _aKurukshetra
300 _a69(7), May, 2021: p.49-50
520 _aA surge of innovation is rippling through the countryside transforming the meaning of ‘rural’ in India forever. To fast-track the process of innovation in rural India, the Indian Council of Agricultural Research (ICAR) is setting up a Farmers Innovation Fund, and Innovation Centres across villages in the country to tap into the myriad innovations that are emerging from India’s village economy. ICAR is also supporting more than one hundred start-ups in processing and marketing rural produce and has brought in the energies of more than five thousand young men and women to work on such projects. – Reproduced
773 _aKurukshetra
906 _aTECHNOLOGICAL INNOVATIONS - INDIA
942 _cAR